El romanticismo en José Duarte (Record no. 14207)
[ view plain ]
| 000 - LÍDER | |
|---|---|
| campo de control de longitud fija | 00799nam a2200193Ia 4500 |
| 008 - ELEMENTOS DE DATOS DE LONGITUD FIJA - INFORMACIÓN GENERAL | |
| campo de control de longitud fija | 0000002012 sp ad 0000000000spa00 |
| 090 ## - NÚMERO DE LLAMADA DE TIPO LC LOCALMENTE ASIGNADO (OCLC) | |
| Número de clasificación (OCLC) (R) | PSP00 F72r |
| 100 1# - ENTRADA PRINCIPAL - NOMBRE PERSONAL | |
| Nombre de la persona | Freijo Mouliaa, Angustias |
| 245 13 - TÍTULO DECLARACIÓN | |
| Título | El romanticismo en José Duarte |
| Declaración de responsabilidad | / comisario y textos de Angustias Freijo ; fotografías Pablo Duarte |
| 260 ## - PUBLICACIÓN, DISTRIBUCIÓN | |
| Lugar de publicación | Madrid : Freijo Fine Art |
| Fecha de publicación | 2012 |
| 300 ## - DESCRIPCIÓN FÍSICA | |
| Alcance | 22 p. |
| Dimensiones | / 21 cm. |
| 500 ## - NOTA GENERAL | |
| Nota general | Exposición realizada en Freijo Fine Art de Madrid entre enero y marzo de 2012 \ Incluye cronología artística \ Donación de Carlos Jiménez, 2012 |
| 600 00 - ENTRADA DE SUJETO AÑADIDO - NOMBRE PERSONAL | |
| Nombre de la persona | DUARTE, JOSE, 1928/ |
| Subdivisión general | TRABAJOS PICTORICOS |
| 650 14 - ENTRADA DE SUJETO AÑADIDO - TÉRMINO TÓPICO | |
| Término tópico o elemento de entrada del nombre geográfico | PINTURA ESPAÑOLA |
| 650 14 - ENTRADA DE SUJETO AÑADIDO - TÉRMINO TÓPICO | |
| Término tópico o elemento de entrada del nombre geográfico | ARTISTAS PLASTICOS ESPAÑOLES |
| 650 14 - ENTRADA DE SUJETO AÑADIDO - TÉRMINO TÓPICO | |
| Subdivisión general | CATALOGOS |
| 650 14 - ENTRADA DE SUJETO AÑADIDO - TÉRMINO TÓPICO | |
| Término tópico o elemento de entrada del nombre geográfico | CUERPO HUMANO EN LA PINTURA |
| 650 14 - ENTRADA DE SUJETO AÑADIDO - TÉRMINO TÓPICO | |
| Subdivisión general | EXPOSICIONES |
| Estado de retirada | Pérdida de estatus | Estado dañado | No para préstamo | Código de recogida | Ubicación permanente | Ubicación actual | Ubicación de las estanterías | Fecha de adquisición | Número de llamada completo | Código de barras | Fecha de la última vez que se vio | Número de copia | Precio efectivo desde | Tipo de artículo Koha |
|---|---|---|---|---|---|---|---|---|---|---|---|---|---|---|
| General | ArtNexus | ArtNexus | General | 06/09/2022 | P-SP-00 F72R | 14380 | 06/09/2022 | Ej.1 | 06/09/2022 | Libro |